000 00571cam a2200181 a 4500
003 OSt
005 20151002173949.0
008 051114s2005 slv spa
040 _aDLC
_cBMC
_dDLC
082 _a863.3
100 1 _aCervantes Saavedra, Miguel de
_d1547-1616
_926819
245 1 0 _aDon Quijote de la Mancha
_cMiguel de Cervantes
250 _aEd. del IV centenario
260 _aMadrid
_bReal Academia Española, Asociación de academias de la lengua española
_c2005
300 _aCI, 1249 p.
_c21 cm
650 2 4 _929289
_aNovela española
942 _2ddc
_cBK
999 _c14829
_d14829